Golden Globe Best Picture Nominees 2000's Quiz Stats

 Plays Quiz not verified by Sporcle

Challenge
Share
Tweet
Embed
Score 0/104 Timer 12:00
0 Plays Today
Movie % Correct
Chicago*
91.1%
Gladiator*
89.4%
No Country For Old Men
83.2%
The Departed
82.8%
The Lord of the Rings: The Two Towers
82.7%
The Lord of the Rings: The Fellowship of the Ring
82.3%
A Beautiful Mind*
82.2%
Avatar*
81.9%
Slumdog Millionaire*
81.8%
Million Dollar Baby
81.2%
Brokeback Mountain*
80.4%
The Hurt Locker
80.1%
Moulin Rouge!*
77.7%
The Lord of the Rings: The Return of the King*
77.4%
There Will Be Blood
77.4%
The Aviator*
75.4%
The Reader
71.8%
The Hours*
71.4%
Up in the Air
71.3%
Traffic
70.4%
Babel*
70.3%
Erin Brockovich
69.8%
Mystic River
69.8%
Atonement*
69.1%
Gangs of New York
68.1%
Walk the Line*
67.5%
The Curious Case of Benjamin Button
67.1%
Little Miss Sunshine
66.5%
Juno
66.3%
Ray
66.1%
Dreamgirls*
65.6%
Precious: Based on the novel 'Push' by Sapphire
64.9%
Inglourious Basterds
63.9%
Lost in Translation*
63.4%
The Hangover*
63.3%
Movie % Correct
The Queen
63.3%
Michael Clayton
63.3%
Sideways*
61.3%
Sweeney Todd: The Demon Barber of Fleet Street*
60.6%
In the Bedroom
60.1%
Good Night, and Good Luck
58.8%
The Pianist
58.3%
Finding Neverland
58.1%
Revolutionary Road
58%
Gosford Park
55.8%
Master and Commander: The Far Side of the World
55.7%
Julie and Julia
55.1%
Nine
55.1%
Finding Nemo
54.8%
Adaptation
54.1%
Cold Mountain
54.1%
Shrek
54%
Almost Famous*
53.3%
Frost|Nixon
51.9%
Chocolat
51.6%
Eternal Sunshine of the Spotless Mind
51.4%
Vicky Cristina Barcelona*
49.7%
The Devil Wears Prada
49.4%
It's Complicated
48.5%
The Incredibles
48.2%
About Schmidt
48%
Seabiscuit
47.5%
Mamma Mia!
46.2%
Pride and Prejudice
45.3%
Hairspray
45.3%
Billy Elliot
42.2%
Match Point
42.1%
Little Children
41.7%
Closer
40.5%
(500) Days of Summer
40.2%
Movie % Correct
Hotel Rwanda
40.1%
In Bruges
39%
American Gangster
38.6%
O Brother, Where Art Thou?
38.1%
The Constant Gardener
37.6%
About a Boy
35%
Bridget Jones's Diary
34.5%
Wonder Boys
34.2%
A History of Violence
34.2%
Charlie Wilson's War
33.9%
The Great Debaters
33.8%
Borat: Cultural Learnings of America for Make Benefit Glorious Nation of Kazakhstan
33.5%
Legally Blonde
32.5%
Kinsey
32.2%
Happy-Go-Lucky
31.8%
Eastern Promises
31.5%
Mrs. Henderson Presents
30.7%
Mulholland Dr.
30.3%
Love, Actually
29.9%
The Phantom of the Opera
29.7%
Sunshine
29.4%
Chicken Run
29.1%
Burn After Reading
28.5%
The Squid and the Whale
28%
My Big Fat Greek Wedding
27.3%
The Producers
27.3%
The Man Who Wasn't There
26.6%
Big Fish
25.7%
Bobby
23.9%
Bend it Like Beckham
22.8%
Across the Universe
22.2%
Thank You For Smoking
21.8%
Best in Show
20.6%
Nicholas Nickleby
18%

You're not logged in!

Compare scores with friends on all Sporcle quizzes.
Join for Free
OR
Log In

You Might Also Like...

Show Comments

Extras

Top Quizzes Today


Score Distribution

Your Account Isn't Verified!

In order to create a playlist on Sporcle, you need to verify the email address you used during registration. Go to your Sporcle Settings to finish the process.

Report this User

Report this user for behavior that violates our Community Guidelines.

Details: